[Event "9. Miedzynardowy Turniej Klubu Polonia Wroclaw<br/>Turniej OPEN"]
[Site "Wroclaw"]
[Date "2014-07-05"]
[Round "7.9"]
[White "Oszczanowski, Witold"]
[Black "Grossmann, Ryszard"]
[Result "1-0"]
[WhiteTitle "I++"]
[BlackTitle "FM"]
[WhiteElo "2086"]
[BlackElo "2150"]

1. e4 c6 2. d4 d6 3. Nc3 Nf6 4. f4 Bg4 5. Nf3 d5 6. e5 Nfd7 7. e6 Bxe6 8. Ng5 Bf5
9. g4 Be4 10. Ncxe4 dxe4 11. Bc4 e6 12. f5 Be7 13. Nxf7 Bh4+ 14. Ke2 Kxf7 15.
fxe6+ Ke8 16. exd7+ Nxd7 17. Be3 Nb6 18. Bb3 Nd5 19. Qd2 Qe7 20. Raf1 Rf8 21.
c4 Nxe3 22. Qxe3 Kd7 23. Bc2 Bg5 24. Qg3 Qe6 25. d5 cxd5 26. Ba4+ d4 1-0

[Event "9. Miedzynardowy Turniej Klubu Polonia Wroclaw<br/>Turniej OPEN"]
[Site "Wroclaw"]
[Date "2014-07-05"]
[Round "7.10"]
[White "White, John"]
[Black "Dobrowolski, Aleksander"]
[Result "1/2-1/2"]
[WhiteTitle "II+"]
[BlackTitle "m"]
[WhiteElo "1973"]
[BlackElo "2281"]

1. d4 Nf6 2. c4 g6 3. Nf3 Bg7 4. g3 O-O 5. Bg2 d6 6. O-O Nbd7 7. Nc3 e5 8. e4 c6
9. Rb1 a6 10. h3 b5 11. c5 b4 12. Na4 Nxe4 13. cxd6 Nxd6 14. Bg5 f6 15. dxe5 Ne4
16. exf6 Ndxf6 17. Qxd8 Rxd8 18. Nb6 Rb8 19. Nxc8 Rbxc8 20. Rfe1 c5 21. Bxf6 Nxf6
22. Ne5 Rc7 23. Nc4 Rd4 24. b3 a5 25. Rbc1 Ra7 26. Bc6 Kf8 27. Rc2 Rd3 28. Kg2
Ra6 29. Bb5 Ra7 30. Ne5 Rc3 31. Rd2 Bh6 32. Rd8+ Kg7 33. Re2 Re7 34. Bc4 a4 35.
f4 g5 36. f5 g4 37. hxg4 a3 38. Rc8 Rc1 39. Kh3 Rh1+ 40. Kg2 Rb1 41. Kf3 Rf1+
42. Kg2 Rb1 43. Be6 Rb2 44. Kf3 Bc1 45. Nc4 Nxg4 46. Rg8+ Kf6 47. Rxg4 Re8 48.
Rh4 Rd8 49. Rhh2 Rd3+ 50. Kg4 h5+ 51. Kh3 Rb1 52. Rhg2 Bf4 53. Kh2 Bb8 54. Bc8
h4 55. Re6+ Kf7 56. Ne5+ Bxe5 57. Rxe5 hxg3+ 58. Kh3 Rb2 59. Ree2 Rxe2 60. Rxe2
Kf6 61. Be6 Rc3 62. Kg4 Rd3 63. Bc4 Rd4+ 64. Kxg3 Kxf5 65. Kf3 Rd1 66. Ke3 Ra1
67. Rc2 Ke5 68. Kd3 Kd6 69. Bf7 Rd1+ 70. Rd2 Rc1 71. Bg6 Kc6 72. Rc2 Rd1+ 73.
Ke2 Ra1 74. Be4+ Kb6 75. Kd2 Kb5 76. Bd3+ Kb6 77. Ke3 Kc6 78. Ke4 Rh1 79. Rf2
Rh4+ 80. Ke3 Kd5 81. Rf5+ Kd6 82. Be4 Rh3+ 83. Rf3 Rh2 84. Rf2 Rh3+ 85. Bf3 Rh6
86. Rd2+ Kc7 87. Rd5 Kb6 88. Rd7 Rh2 89. Rd6+ Kc7 90. Rd2 Rh6 91. Kd3 Kb6 92.
Rg2 Rd6+ 93. Kc2 Rf6 94. Be2 Rh6 95. Rf2 Rd6 96. Rg2 Rh6 97. Rg1 Rf6 98. Rg8 Rh6
99. Bf3 Rf6 100. Rb8+ Kc7 101. Rb7+ Kc8 102. Rb5 Rxf3 103. Rxc5+ Kd7 104. Rc4
Rf2+ 105. Kb1 1/2-1/2

[Event "9. Miedzynardowy Turniej Klubu Polonia Wroclaw<br/>Turniej OPEN"]
[Site "Wroclaw"]
[Date "2014-07-05"]
[Round "7.11"]
[White "Reza, Wojciech"]
[Black "Somyk, Marcin"]
[Result "1-0"]
[WhiteTitle "I++"]
[BlackTitle "I++"]
[WhiteElo "2168"]
[BlackElo "1965"]

1. e4 g6 2. d4 Bg7 3. c4 d6 4. Nc3 Nd7 5. f4 e5 6. fxe5 dxe5 7. d5 a5 8. Be3 Bf8
9. Nf3 f6 10. a3 Bd6 11. Bd3 Kf7 12. O-O Kg7 13. Kh1 Qe7 14. Rb1 h5 15. Na4 b6
16. Bd2 Nh6 17. b4 axb4 18. axb4 Nb8 19. c5 bxc5 20. bxc5 Bxc5 21. Nxc5 Qxc5 22.
Qc1 Qxc1 23. Rfxc1 c6 24. dxc6 Ng4 25. Kg1 Na6 26. h3 Nh6 27. Rb6 Nc7 28. Rb7
Bxb7 29. cxb7 Rad8 30. Rxc7+ 1-0

[Event "9. Miedzynardowy Turniej Klubu Polonia Wroclaw<br/>Turniej OPEN"]
[Site "Wroclaw"]
[Date "2014-07-05"]
[Round "7.12"]
[White "Khamidov, Komil"]
[Black "Krokay, Urszula"]
[Result "1/2-1/2"]
[WhiteTitle "I++"]
[BlackTitle "k"]
[WhiteElo "2098"]
[BlackElo "1961"]

1. e4 e5 2. Nf3 Nc6 3. Bc4 Bc5 4. b4 Bxb4 5. c3 Be7 6. d4 Na5 7. Nxe5 Nxc4 8. Nxc4
d5 9. exd5 Qxd5 10. Ne3 Qa5 11. O-O Nf6 1/2-1/2

[Event "9. Miedzynardowy Turniej Klubu Polonia Wroclaw<br/>Turniej OPEN"]
[Site "Wroclaw"]
[Date "2014-07-05"]
[Round "7.13"]
[White "Kolasinski, Krzysztof"]
[Black "Wozniak, Mariola"]
[Result "1-0"]
[WhiteTitle "I++"]
[BlackTitle "WCM"]
[WhiteElo "1991"]
[BlackElo "2092"]

1. d4 d5 2. c4 dxc4 3. e3 Nf6 4. Bxc4 e6 5. Nf3 a6 6. O-O c5 7. Qe2 b5 8. Bd3 Nbd7
9. Rd1 Bb7 10. b3 Be7 11. a4 b4 12. Bb2 O-O 13. Nbd2 cxd4 14. Bxd4 Nd5 15. Nc4
Nc5 16. Bc2 Qe8 17. Na5 Bc8 18. Bxh7+ Kxh7 19. Bxc5 Nc3 20. Qd3+ f5 21. Bxe7 Qxe7
22. Qd6 Qf6 23. Re1 Nd5 24. Rad1 Ra7 25. Rd4 Rd8 26. Qg3 Rad7 27. Nc6 Rh8 28.
Rh4+ Kg8 29. Rxh8+ Kxh8 30. Nce5 Rc7 31. Ng6+ Kg8 32. Nfe5 Ne7 33. Nxe7+ Qxe7
34. Ng6 Qc5 35. Qh4 Qc3 36. Qd8+ Kh7 37. Nf8+ Kg8 38. Nxe6+ Kf7 39. Ng5+ Kg6 40.
Nf3 Be6 41. h4 Rd7 42. Qe8+ Kf6 43. e4 fxe4 44. Rxe4 Qc1+ 45. Kh2 Qc7+ 46. g3
Bf5 47. Rf4 Re7 48. Qf8+ Rf7 49. Qxb4 1-0

[Event "9. Miedzynardowy Turniej Klubu Polonia Wroclaw<br/>Turniej OPEN"]
[Site "Wroclaw"]
[Date "2014-07-05"]
[Round "7.14"]
[White "Puszczewicz, Krzysztof"]
[Black "Paczka, Patryk"]
[Result "0-1"]
[WhiteTitle "k"]
[BlackTitle "II+"]
[WhiteElo "2026"]
[BlackElo "1815"]

1. e4 c5 2. Nc3 Nc6 3. g3 g6 4. d3 Bg7 5. Be3 Nd4 6. Qd2 Rb8 7. Bg2 d6 8. Nd1 b5
9. c3 Nc6 10. Ne2 b4 11. d4 bxc3 12. bxc3 cxd4 13. cxd4 Qa5 14. Ndc3 Ba6 15. Rd1
Rc8 16. O-O h5 17. h3 Nf6 18. Rfe1 O-O 19. f4 Nd7 20. f5 Kh7 21. Nf4 Bxd4 22.
Bxd4 Nxd4 23. Qxd4 Qxc3 24. Qxa7 Bb5 25. fxg6+ fxg6 26. Qe3 Ne5 27. Qxc3 Rxc3
28. Ne6 Ra8 29. Nd4 Rxa2 30. Ra1 Bc4 31. Rxa2 Bxa2 32. Kh2 Rd3 33. Ne2 Rd2 34.
Nf4 Nf3+ 0-1

[Event "9. Miedzynardowy Turniej Klubu Polonia Wroclaw<br/>Turniej OPEN"]
[Site "Wroclaw"]
[Date "2014-07-05"]
[Round "7.15"]
[White "Wasylkiewicz, Andrzej"]
[Black "Szczepaniak, Lukasz"]
[Result "0-1"]
[WhiteTitle "I"]
[BlackTitle "I+"]
[WhiteElo "1785"]
[BlackElo "2055"]

1. e4 e5 2. Nc3 Nf6 3. Bc4 Nxe4 4. Qh5 Nd6 5. Bb3 Be7 6. Qxe5 O-O 7. Nge2 c6 8.
d3 Ne8 9. Bd2 d5 10. d4 Nd7 11. Qf4 Ndf6 12. f3 Nd6 13. g4 Re8 14. O-O-O b5 15.
g5 Nh5 16. Qh4 g6 17. Ng3 Ng7 18. Rdf1 Qb6 19. Nce2 a5 20. c3 b4 21. Bc2 Ba6 22.
Rf2 Nc4 23. f4 Nxb2 24. f5 bxc3 25. Bxc3 Ba3 26. Kd2 Nc4+ 27. Kd1 Ne3+ 28. Kd2
Nxc2 29. Kxc2 Qb5 30. Nf4 Qc4 31. Ra1 Re3 32. Nge2 Nxf5 33. Qg4 Rxc3+ 34. Ng3
Ng7+ 0-1

[Event "9. Miedzynardowy Turniej Klubu Polonia Wroclaw<br/>Turniej OPEN"]
[Site "Wroclaw"]
[Date "2014-07-05"]
[Round "7.16"]
[White "Kulas, Szymon"]
[Black "Jagiela, Piotr"]
[Result "1-0"]
[WhiteTitle "I++"]
[BlackTitle "I+"]
[WhiteElo "2005"]
[BlackElo "1750"]

1. e4 d6 2. d4 g6 3. Nc3 Bg7 4. f4 f5 5. Nf3 fxe4 6. Nxe4 Nf6 7. Bd3 Nxe4 8. Bxe4
d5 9. Bd3 Nc6 10. c3 Bg4 11. O-O O-O 12. h3 Bxf3 13. Rxf3 e6 14. Bd2 Ne7 15. Qe2
Qd6 16. Re1 Rf6 17. g4 Nc6 18. Kg2 Re8 19. b4 Nd8 20. h4 Ref8 21. Ref1 R6f7 22.
g5 Re7 23. h5 gxh5 24. Rh3 h6 25. Qxh5 Nf7 26. Qg6 Nh8 27. Qh7+ Kf7 28. gxh6 Rg8
29. Rg3 Kf8 30. hxg7+ Rexg7 31. Qxg7+ Rxg7 32. Rxg7 Kxg7 33. Kf3 Kf6 34. Rh1 Qf8
35. Rh7 Nf7 36. Be1 Ng5+ 37. fxg5+ Kxg5+ 38. Ke2 Kg4 39. Kd1 Qd6 40. Rg7+ Kf3
41. Be2+ Ke4 42. Rg5 Ke3 43. Bg3 Ke4 44. Bxd6 cxd6 45. Rg6 e5 46. Rxd6 exd4 47.
cxd4 Kxd4 48. Bf3 Kc3 49. Bxd5 Kxb4 50. Bxb7 a5 51. Kc2 Ka3 52. Rd4 a4 53. Bc6
Kxa2 54. Rxa4# 1-0

[Event "9. Miedzynardowy Turniej Klubu Polonia Wroclaw<br/>Turniej OPEN"]
[Site "Wroclaw"]
[Date "2014-07-05"]
[Round "7.17"]
[White "Dzikowski, Michal"]
[Black "Musiala, Jakub"]
[Result "1-0"]
[WhiteTitle "I"]
[BlackTitle "II"]
[WhiteElo "1968"]
[BlackElo "1394"]

1. b3 c5 2. Bb2 d5 3. e3 e6 4. f4 Nc6 5. Nf3 Nf6 6. Bb5 Bd7 7. O-O Be7 8. Nc3 a6
9. Bxc6 Bxc6 10. Ne2 h6 11. Ng3 Bd7 12. Ne5 b5 13. Nh5 Nxh5 14. Qxh5 O-O 15. Qg4
f6 16. Ng6 Rf7 17. Qg3 Rc8 18. Rae1 b4 19. Kh1 Bb5 20. Rf3 Qd7 21. a4 Bc6 22.
Rff1 a5 23. c4 dxc4 24. bxc4 Bxa4 25. Ra1 Bb3 26. Rxa5 Bxc4 27. Rfa1 Bb5 28. Ra7
Qe8 29. Nxe7+ Rxe7 30. Bxf6 Rf7 31. Bxg7 Kh7 32. Be5 Bd7 33. Qe1 Kg8 34. Qb1 Rh7
35. Kg1 h5 36. Rb7 Qf7 37. Raa7 Rd8 38. Qc2 Qf5 39. Qxf5 exf5 40. Bd6 b3 41. Bxc5
Rg7 42. Rxb3 Rc8 43. d4 h4 44. Kf2 Rh7 45. Rbb7 Rd8 46. Bb6 Rc8 47. Rxd7 Rxd7
48. Rxd7 Rb8 49. Rd8+ Rxd8 50. Bxd8 h3 51. gxh3 1-0

[Event "9. Miedzynardowy Turniej Klubu Polonia Wroclaw<br/>Turniej OPEN"]
[Site "Wroclaw"]
[Date "2014-07-05"]
[Round "7.18"]
[White "Kowalczyk, Mateusz"]
[Black "Dmochowska, Agnieszka"]
[Result "1/2-1/2"]
[WhiteTitle "II+"]
[BlackTitle "WCM"]
[WhiteElo "1608"]
[BlackElo "1876"]

1. e4 c5 2. Nf3 d6 3. d4 cxd4 4. Nxd4 Nf6 5. Nc3 g6 6. Be3 Bg7 7. Qd2 O-O 8. f3
Nc6 9. O-O-O d5 10. exd5 Nxd5 11. Nxc6 bxc6 12. Bd4 Bxd4 13. Qxd4 Qb6 14. Nxd5
cxd5 15. Qxb6 axb6 16. a3 Be6 17. Rd4 Rfc8 18. Bd3 Rc6 19. Re1 Rac8 20. c3 R8c7
21. Kd2 f6 22. f4 Kg7 23. h3 h5 24. Re3 Rd6 25. Be2 Bf5 26. Bd3 Kf7 27. Bxf5 gxf5
28. a4 e6 29. Red3 Rd8 30. Ke3 Ra7 31. Rb4 Rd6 32. c4 Rc7 33. cxd5 exd5 34. Rdb3
Rcc6 35. Kd4 Re6 36. Re3 Re4+ 37. Rxe4 dxe4 38. Rb5 Rd6+ 39. Ke3 Ke6 40. b4 Rd3+
41. Ke2 Ra3 42. Rxb6+ Kd5 43. Rxf6 Kd4 44. Rd6+ Kc4 45. a5 Kxb4 46. a6 Kc5 47.
Rf6 Kd4 48. Rd6+ Kc4 49. Rf6 Ra2+ 50. Ke3 Ra3+ 51. Kf2 Ra5 52. a7 Rxa7 53. Rxf5
Kd4 54. Rxh5 Ra2+ 55. Kg3 e3 56. Re5 Kd3 57. f5 Rf2 58. h4 Rf1 59. Kg4 e2 60.
Kg5 e1=Q 61. Rxe1 Rxe1 62. g4 Ke4 63. Kg6 Ke5 64. g5 Rh1 65. f6 Rxh4 66. Kg7 Rg4
67. Kh6 Ke6 68. Kg6 Rf4 69. Kg7 Rf5 70. Kg6 Rf4 71. Kg7 1/2-1/2

[Event "9. Miedzynardowy Turniej Klubu Polonia Wroclaw<br/>Turniej OPEN"]
[Site "Wroclaw"]
[Date "2014-07-05"]
[Round "7.19"]
[White "Rostolis, Riccardo"]
[Black "Ochowicz, Jakub"]
[Result "1/2-1/2"]
[WhiteTitle ""]
[BlackTitle "II"]
[WhiteElo "1870"]
[BlackElo "1692"]

1. e4 c6 2. d4 d5 3. Nc3 dxe4 4. Bc4 Bf5 5. f3 exf3 6. Nxf3 e6 7. O-O Be7 8. Ne5
Bg6 9. Nxg6 hxg6 10. Be3 Nf6 11. Qf3 Qc7 12. h3 Nbd7 13. a4 Nb6 14. Bb3 O-O 15.
Bf4 Qd7 16. Be5 a6 17. Ne2 Nbd5 18. c4 Nc7 19. Rad1 b5 20. axb5 axb5 21. Rc1 Ra7
22. Nf4 Bd6 23. Qf2 Rfa8 24. Nd3 bxc4 25. Bxc4 Ncd5 26. Bxd5 Nxd5 27. Bxd6 Qxd6
28. Ne5 Nf6 29. Rxc6 Qb4 30. Rfc1 Ra1 31. Kh2 Rxc1 32. Rxc1 Qd6 33. Rc6 Qe7 1/2-1/2

[Event "9. Miedzynardowy Turniej Klubu Polonia Wroclaw<br/>Turniej OPEN"]
[Site "Wroclaw"]
[Date "2014-07-05"]
[Round "7.20"]
[White "Kucharska, Honorata"]
[Black "Nowak, Kamil"]
[Result "0-1"]
[WhiteTitle "I+"]
[BlackTitle "I"]
[WhiteElo "1718"]
[BlackElo "1833"]

1. d4 c5 2. e3 cxd4 3. exd4 d5 4. Nf3 Nc6 5. h3 Bf5 6. Bd3 Bxd3 7. Qxd3 Nf6 8.
O-O e6 9. c3 Be7 10. Bf4 O-O 11. Nbd2 a6 12. Ne5 Nxe5 13. Bxe5 b5 14. Nb3 Nd7
15. Bg3 Qb6 16. f4 Bd6 17. Nd2 Rac8 18. b4 a5 19. a3 a4 20. Rae1 Qc6 21. Rf3 g6
22. Bh4 Nb6 23. Bf6 Rfe8 24. Qe2 Bf8 25. g4 Bh6 26. g5 Bg7 27. Bxg7 Kxg7 28. Qe5+
Kg8 29. Qe2 Nc4 30. Nb1 Nd6 31. Nd2 h5 32. gxh6 Nf5 33. Qe5 Qc7 34. Qf6 Nxh6 35.
Rg3 Qe7 36. Qe5 Nf5 37. Rg4 Rxc3 38. h4 Nxh4 39. Kf2 Rh3 40. Re3 Rxe3 41. Kxe3
Nf5+ 42. Kf2 Rc8 43. Qe1 Rc2 44. Qd1 Qc7 0-1

[Event "9. Miedzynardowy Turniej Klubu Polonia Wroclaw<br/>Turniej OPEN"]
[Site "Wroclaw"]
[Date "2014-07-05"]
[Round "7.21"]
[White "Janocha, Wieslaw"]
[Black "Stelmaszuk, Maciej"]
[Result "1-0"]
[WhiteTitle "FM"]
[BlackTitle "II+"]
[WhiteElo "2291"]
[BlackElo "1625"]

1. e4 c5 2. Nf3 Nc6 3. Nc3 g6 4. d4 cxd4 5. Nxd4 Bg7 6. Be3 Nf6 7. Bc4 O-O 8. Bb3
a5 9. f3 d5 10. exd5 Nb4 11. Nde2 a4 12. Nxa4 Nbxd5 13. Nb6 Nxb6 14. Qxd8 Rxd8
15. Bxb6 Re8 16. O-O-O Ra6 17. Be3 e5 18. Nc3 Bd7 19. Rhe1 Bc6 20. Bg5 h6 21.
Bh4 g5 22. Bg3 Nh5 23. Ne4 Bxe4 24. fxe4 Nxg3 25. Rd7 Rf6 26. hxg3 b6 27. Re3
Bf8 28. Rf3 Rxf3 29. gxf3 Re7 30. Rd8 Kg7 31. g4 Rc7 32. Re8 Bd6 33. Bd5 Kg6 34.
Kd2 Kg7 35. c3 Bc5 36. Rxe5 Rc8 37. Rf5 f6 38. e5 fxe5 39. Rxe5 Rd8 40. Kd3 Bd6
41. Rf5 Rd7 42. b4 Bf4 43. a4 Kg6 44. Ke4 Re7+ 45. Kd4 h5 46. Be4 Kh6 47. Rf6+
Kg7 48. Rg6+ Kf7 49. gxh5 Be5+ 50. Kc4 Bf6 51. Bd5+ 1-0

[Event "9. Miedzynardowy Turniej Klubu Polonia Wroclaw<br/>Turniej OPEN"]
[Site "Wroclaw"]
[Date "2014-07-05"]
[Round "7.22"]
[White "Drozd, Lukasz"]
[Black "Lipski, Lukasz"]
[Result "1/2-1/2"]
[WhiteTitle "I"]
[BlackTitle "II+"]
[WhiteElo "1761"]
[BlackElo "1595"]

1. Nf3 d5 2. g3 Nf6 3. b3 g6 4. Bb2 Bg7 5. c4 Bg4 6. Bg2 c6 7. O-O O-O 8. d4 Bxf3
9. Bxf3 e6 10. Nc3 Re8 11. Qd2 Qd7 12. Rfd1 Na6 13. Rac1 Rac8 14. Bg2 Red8 15.
Qf4 Qc7 16. Qf3 Qb8 17. Ba3 Nd7 18. e4 dxc4 19. bxc4 Nb6 20. Ne2 Rc7 21. Qe3 Rcd7
22. c5 Nc8 23. d5 exd5 24. exd5 cxd5 25. Rxd5 Rxd5 26. Bxd5 Rxd5 27. Qe8+ Bf8
28. c6 Nb6 29. Qxb8 Nxb8 30. c7 Nc6 31. Bxf8 Kxf8 32. Rb1 Rd7 33. Rxb6 Rxc7 34.
Rb5 1/2-1/2

[Event "9. Miedzynardowy Turniej Klubu Polonia Wroclaw<br/>Turniej OPEN"]
[Site "Wroclaw"]
[Date "2014-07-05"]
[Round "7.24"]
[White "Marko, Piotr"]
[Black "Knap, Jerzy"]
[Result "1-0"]
[WhiteTitle "II"]
[BlackTitle "I"]
[WhiteElo "1628"]
[BlackElo "1709"]

1. e4 e6 2. d4 d5 3. Nd2 c5 4. exd5 Qxd5 5. Ngf3 cxd4 6. Bc4 Qd6 7. O-O Nf6 8.
Nb3 Nc6 9. Nbxd4 Nxd4 10. Nxd4 a6 11. c3 Qc7 12. Qa4+ Bd7 13. Bb5 Rd8 14. Bxd7+
Qxd7 15. Qb3 Be7 16. Bf4 O-O 17. Rad1 Qc8 18. Rfe1 Rd5 19. c4 Rdd8 20. a3 Bc5
21. Nf3 Rxd1 22. Rxd1 Rd8 23. Ne5 Ne4 24. Bg3 f6 25. Rxd8+ Qxd8 26. Nd3 e5 27.
Qc2 Qd4 28. Kf1 a5 29. Nxc5 Nxc5 30. f3 Nd3 31. b3 Nc5 32. Ke2 Qa1 33. b4 axb4
34. axb4 Ne6 35. Qd2 Nd4+ 36. Ke3 Qa3+ 37. Ke4 Qb3 38. Bf2 Qb1+ 39. Kd5 Qf5 40.
Bxd4 exd4+ 41. Kxd4 Qe5+ 42. Kd3 Qxh2 43. c5 Qe5 44. Qe3 Qd5+ 45. Qd4 Qb3+ 46.
Qc3 Qd5+ 47. Qd4 Qb3+ 48. Ke4 Qe6+ 49. Kd3 Qb3+ 50. Kd2 Qa2+ 51. Kc3 Qa1+ 52.
Kc4 Qa6+ 53. Kb3 Qc6 54. Kc4 Qa6+ 55. Kb3 Qc6 56. Qd6 Qxd6 57. cxd6 Kf7 58. Kc4
Ke6 59. Kc5 h5 60. Kb6 Kxd6 61. Kxb7 g5 62. b5 f5 63. b6 g4 64. fxg4 fxg4 65.
Kc8 h4 66. b7 1-0

[Event "9. Miedzynardowy Turniej Klubu Polonia Wroclaw<br/>Turniej OPEN"]
[Site "Wroclaw"]
[Date "2014-07-05"]
[Round "7.25"]
[White "Ilnicki, Tomasz"]
[Black "Lascar, Radoslawa"]
[Result "1-0"]
[WhiteTitle "II"]
[BlackTitle "I"]
[WhiteElo "1449"]
[BlackElo "1705"]

1. e4 c5 2. c4 Nc6 3. Nc3 e6 4. d3 Nf6 5. Nf3 d6 6. Be3 Ng4 7. Bg5 Be7 8. Bxe7
Qxe7 9. Be2 O-O 10. O-O Nge5 11. Nxe5 dxe5 12. Qd2 b6 13. f4 Rd8 14. Rad1 f6 15.
Rf2 exf4 16. Qxf4 Ne5 17. Qg3 a6 18. a4 Kh8 19. Bf1 Bb7 20. Rfd2 Rd6 21. b3 Rad8
22. Kh1 Bc6 23. Qe3 Qd7 24. a5 Bb7 25. axb6 Rxb6 26. Na4 Rb4 27. Nxc5 Qd6 28.
Nxb7 Rxb7 29. d4 Ng4 30. Qh3 Qf4 31. Qg3 Qxg3 32. hxg3 Rxb3 33. Ra1 Kg8 34. Kg1
Ra8 35. d5 exd5 36. exd5 Ne3 37. Rc1 Rc8 38. c5 Nxf1 39. Kxf1 Kf7 40. c6 Rb6 41.
d6 1-0

[Event "9. Miedzynardowy Turniej Klubu Polonia Wroclaw<br/>Turniej OPEN"]
[Site "Wroclaw"]
[Date "2014-07-05"]
[Round "7.26"]
[White "Kaczmarczyk, Jakub"]
[Black "Bieniek, Kazimierz"]
[Result "1/2-1/2"]
[WhiteTitle "II"]
[BlackTitle "II"]
[WhiteElo "1506"]
[BlackElo "1636"]

1. Nf3 d5 2. d4 Nf6 3. e3 e6 4. Bd3 Ne4 5. Nbd2 f5 6. Bxe4 fxe4 7. Ne5 Qf6 8. O-O
Nd7 9. f4 Nxe5 10. fxe5 Qg6 11. c4 c5 12. cxd5 exd5 13. dxc5 Bxc5 14. Nb3 Qc6
15. Nxc5 Qxc5 16. Bd2 Qe7 17. Bc3 Be6 18. Rc1 Rf8 19. Rxf8+ Kxf8 20. a3 Kg8 21.
Bb4 Qd7 22. Bd6 Rc8 23. Rxc8+ Qxc8 24. Qd2 Qc6 25. h3 Qd7 26. Qf2 1/2-1/2

[Event "9. Miedzynardowy Turniej Klubu Polonia Wroclaw<br/>Turniej OPEN"]
[Site "Wroclaw"]
[Date "2014-07-05"]
[Round "7.27"]
[White "Kosinski, Bartosz"]
[Black "Rossienik, Wieslaw"]
[Result "0-1"]
[WhiteTitle "II"]
[BlackTitle "II"]
[WhiteElo "1539"]
[BlackElo "1498"]

1. e4 c5 2. Nc3 Nc6 3. Bb5 g6 4. Bxc6 bxc6 5. f4 Bg7 6. Nf3 Ba6 7. d3 e6 8. O-O
Ne7 9. e5 O-O 10. Ne4 c4 11. dxc4 Bxc4 12. Re1 Bd5 13. Nd6 Bxf3 14. Qxf3 f6 15.
Qd3 fxe5 16. fxe5 Nf5 17. c3 Nxd6 18. Qxd6 Rf7 19. Be3 Qa5 20. Bf2 Qd5 21. Bg3
Qxd6 22. exd6 Rb8 23. Re2 Rf5 24. Rf1 Rd5 25. Rff2 Rf8 26. Rd2 Rxf2 27. Rxf2 Bf8
28. c4 Rd1+ 29. Rf1 Rxf1+ 30. Kxf1 Bg7 31. b4 Kf7 32. b5 cxb5 33. cxb5 Bd4 34.
Be1 e5 35. Bb4 Ke6 36. Ke2 Kd5 37. Kd3 Bc5 38. Bxc5 Kxc5 39. Ke4 Kxd6 40. a4 Ke6
41. a5 d5+ 42. Kd3 Kd6 43. b6 axb6 44. a6 Kc7 0-1

[Event "9. Miedzynardowy Turniej Klubu Polonia Wroclaw<br/>Turniej OPEN"]
[Site "Wroclaw"]
[Date "2014-07-05"]
[Round "7.28"]
[White "Molenda, Mikolaj"]
[Black "Bebel, Agnieszka"]
[Result "0-1"]
[WhiteTitle "II"]
[BlackTitle "I"]
[WhiteElo "1410"]
[BlackElo "1524"]

1. e4 c5 2. Nf3 e6 3. d4 cxd4 4. Nxd4 a6 5. Nc3 Qc7 6. g3 Nf6 7. Bg2 Be7 8. O-O
Nc6 9. Be3 O-O 10. Qd2 b5 11. Rad1 Bb7 12. f4 Na5 13. Qc1 b4 14. Nce2 Bxe4 15.
Bxe4 Nxe4 16. Rd3 Rfc8 17. Rfd1 d5 18. c3 Qb7 19. f5 e5 20. Nf3 d4 21. Bd2 Nc5
22. Nxe5 Nxd3 23. Nxd3 dxc3 24. bxc3 Qe4 25. Nef4 Qxf5 26. Re1 Bf6 27. Qb1 Nc4
28. Bc1 Bxc3 29. Rd1 h6 30. Rf1 Qb5 31. Qc2 Bd4+ 32. Kh1 Ne3 0-1

[Event "9. Miedzynardowy Turniej Klubu Polonia Wroclaw<br/>Turniej OPEN"]
[Site "Wroclaw"]
[Date "2014-07-05"]
[Round "7.29"]
[White "Urban, Damian"]
[Black "Kalinowska, Karolina"]
[Result "1-0"]
[WhiteTitle "II"]
[BlackTitle "I"]
[WhiteElo "1381"]
[BlackElo "1515"]

1. e4 e6 2. d4 d5 3. Nc3 Nf6 4. exd5 exd5 5. Nf3 Bd6 6. Bd3 Nc6 7. Bg5 Be6 8. O-O
O-O 9. Re1 Re8 10. Qd2 Be7 11. a3 Qd7 12. Bb5 a6 13. Bd3 Rad8 14. h3 Bf5 15. Ne5
Qc8 16. f4 Nxd4 17. Bxf5 Nxf5 18. g4 d4 19. Ne4 Nxe4 20. Rxe4 Ng3 21. Ree1 f6
22. Qd3 fxg5 23. Qc4+ Kh8 24. Nf7+ Kg8 25. Nxd8+ Kh8 26. Nf7+ Kg8 27. Nxg5+ Kh8
28. Nf7+ Kg8 29. Nd6+ Kh8 30. Nxc8 1-0

[Event "9. Miedzynardowy Turniej Klubu Polonia Wroclaw<br/>Turniej OPEN"]
[Site "Wroclaw"]
[Date "2014-07-05"]
[Round "7.30"]
[White "Molenda, Maja"]
[Black "Szotkowski, David"]
[Result "1-0"]
[WhiteTitle "II"]
[BlackTitle "III"]
[WhiteElo "1114"]
[BlackElo "1369"]

1. e4 Nf6 2. e5 Nd5 3. c4 Nb6 4. d4 d6 5. f4 dxe5 6. fxe5 Nc6 7. Nf3 Bg4 8. Be3
e6 9. Be2 Bxf3 10. gxf3 Qh4+ 11. Bf2 Qf4 12. Nc3 O-O-O 13. d5 exd5 14. Bg3 Qe3
15. cxd5 Nxe5 16. Bxe5 Qxe5 17. Qd3 Nxd5 18. Qb5 a6 19. Qc4 Nxc3 20. bxc3 Qd5
21. Qg4+ Qe6 22. Qg2 g6 23. a4 Bh6 24. O-O Rd2 25. Rfe1 Re8 26. Kf1 Qf5 27. Rad1
Red8 28. Rxd2 Rxd2 29. Rd1 Rxd1+ 30. Bxd1 Qd3+ 31. Be2 Qxc3 32. Qh3+ Kb8 33. Qxh6
Qa1+ 34. Kf2 Qxa4 35. Qxh7 Qc4 36. Bxc4 1-0

[Event "9. Miedzynardowy Turniej Klubu Polonia Wroclaw<br/>Turniej OPEN"]
[Site "Wroclaw"]
[Date "2014-07-05"]
[Round "8.1"]
[White "Grabarczyk, Miroslaw"]
[Black "Weichhold, Pawel"]
[Result "1/2-1/2"]
[WhiteTitle "GM"]
[BlackTitle "m"]
[WhiteElo "2469"]
[BlackElo "2402"]

1. d4 g6 2. Nf3 Bg7 3. g3 c5 4. d5 d6 5. c4 e5 6. Nc3 Ne7 7. e4 O-O 8. h4 h6 9.
h5 g5 10. Nh2 f5 11. Be2 Nd7 12. f3 a6 13. a4 f4 14. g4 a5 1/2-1/2

[Event "9. Miedzynardowy Turniej Klubu Polonia Wroclaw<br/>Turniej OPEN"]
[Site "Wroclaw"]
[Date "2014-07-05"]
[Round "8.2"]
[White "Djuric, Stefan"]
[Black "Kowalczyk, Rafal"]
[Result "1-0"]
[WhiteTitle "GM"]
[BlackTitle "k"]
[WhiteElo "2393"]
[BlackElo "2200"]

1. d4 d5 2. Nf3 Nf6 3. c4 dxc4 4. Nc3 a6 5. a4 e6 6. e3 c5 7. Bxc4 Nc6 8. O-O Be7
9. Ne5 O-O 10. Nxc6 bxc6 11. Ne2 cxd4 12. Nxd4 Qc7 13. Qc2 Bb7 14. Ne2 c5 15.
f3 Nd5 16. e4 Nb4 17. Qb1 Bf6 18. Ra3 Rfd8 19. Bf4 Qd7 20. h3 Rac8 21. Kh2 Bc6
22. b3 h6 23. Bg3 Qe7 24. Qc1 Rd7 25. e5 Bg5 26. f4 Bh4 27. Qe1 g5 28. Bxh4 gxh4
29. Qc3 Kh7 30. Raa1 Rg8 31. Rf2 Qd8 32. Rg1 Nd3 33. Rff1 Be4 34. g4 h5 35. Bxa6
Nb4 36. Qe3 Qa8 37. Bb5 Nc2 38. Qxc5 Qa7 39. Qxa7 Rxa7 40. Nc3 hxg4 41. hxg4 Ba8
42. Bd3+ Kh8 43. Nb5 Rd7 44. Nd6 Ne3 45. Kh3 f5 46. g5 Rb8 47. Bb5 Rg7 48. Rc1
Bf3 49. Kxh4 Bd5 50. Rc3 Rh7+ 51. Kg3 Ng4 52. Be2 Rxb3 53. Rxb3 Bxb3 54. Rb1 Bxa4
55. Rb8+ Kg7 56. Rb7+ Kg6 57. Rxh7 Kxh7 58. Bxg4 fxg4 59. Kxg4 Kg6 60. Kf3 Bd1+
61. Ke3 Bc2 62. Kd4 Kh5 63. Nc4 Bh7 64. Nb6 Bb1 65. Nc8 Kg6 66. Nd6 Kh5 67. Ke3
Kg6 68. Nb5 Ba2 69. Nc3 Bb3 70. Ne4 Ba2 71. Ng3 Bb1 72. Kd4 Ba2 73. Kc5 Bb1 74.
Kd6 Kf7 75. Ne2 Bf5 76. Nd4 Bg4 77. Nc6 Kg6 78. Nd4 Kf7 79. Nxe6 1-0

[Event "9. Miedzynardowy Turniej Klubu Polonia Wroclaw<br/>Turniej OPEN"]
[Site "Wroclaw"]
[Date "2014-07-05"]
[Round "8.3"]
[White "Piotrowski, Przemyslaw"]
[Black "Kubien, Jerzy"]
[Result "0-1"]
[WhiteTitle "k"]
[BlackTitle "FM"]
[WhiteElo "2132"]
[BlackElo "2185"]

1. d4 Nf6 2. Nf3 b5 3. Bg5 Bb7 4. Bxf6 exf6 5. e3 a6 6. a4 b4 7. Nbd2 a5 8. Bc4
d5 9. Bb5+ c6 10. Bd3 g6 11. O-O f5 12. c4 Bd6 13. cxd5 cxd5 14. Bb5+ Nd7 15.
Ne5 Bxe5 16. dxe5 O-O 17. Bxd7 Qxd7 18. Nf3 Rfc8 19. Nd4 Ba6 20. Re1 Rc4 21. Qd2
Rac8 22. Red1 Qc7 23. f4 Qb6 24. g4 fxg4 25. Qg2 Re8 26. Qxg4 Bc8 27. Qg2 Qc5
28. h4 h5 29. Qg5 Bg4 30. f5 Rxe5 31. Rf1 Rxd4 32. exd4 Qxd4+ 33. Rf2 Rxf5 34.
Qd2 Qe5 35. Rxf5 Bxf5 36. Qf2 d4 37. Re1 Qd6 38. Qh2 Qd7 39. Qe5 Be6 40. Qxa5
Bd5 41. Kh2 Qd6+ 42. Kh3 d3 43. Re8+ Kg7 44. Qd8 Be6+ 45. Kg2 Qc6+ 46. Kg3 f6
47. Rh8 Qc5 48. Re8 Qe5+ 49. Kf2 Qe2+ 50. Kg1 Qg4+ 51. Kf1 Qf3+ 52. Kg1 Qg3+ 53.
Kh1 Qxh4+ 54. Kg1 Qe1+ 55. Kh2 Qf2+ 56. Kh1 Bg4 57. Rg8+ Kh6 58. Rh8+ Kg5 59.
Qd5+ Kh4 60. Qe4 d2 61. Rd8 Qe1+ 0-1

[Event "9. Miedzynardowy Turniej Klubu Polonia Wroclaw<br/>Turniej OPEN"]
[Site "Wroclaw"]
[Date "2014-07-05"]
[Round "8.4"]
[White "Guzewicz, Rafal"]
[Black "Zeberski, Jakub"]
[Result "1/2-1/2"]
[WhiteTitle "I+"]
[BlackTitle "IM"]
[WhiteElo "2076"]
[BlackElo "2348"]

1. d4 Nf6 2. Bf4 g6 3. e3 Bg7 4. h3 O-O 5. Nf3 d6 6. Be2 c5 7. c3 Qb6 8. Qb3 Be6
9. Qxb6 axb6 10. a3 Bd5 11. Nbd2 Bc6 12. O-O Nbd7 13. c4 e5 14. dxe5 Nh5 15. Bh2
dxe5 16. g4 e4 17. gxh5 exf3 18. Bxf3 Bxb2 19. Ra2 Be5 20. Rd1 Rfd8 21. hxg6 hxg6
22. Bxc6 bxc6 23. Nf3 Bxh2+ 24. Kxh2 Kf8 25. Rd6 b5 26. Rxc6 b4 27. a4 b3 28.
Rb2 Rdb8 29. Nd2 Ne5 30. Rc7 Rd8 31. Ne4 Rxa4 32. Rxb3 Rxc4 33. Nxc5 Nf3+ 34.
Kg3 Nd2 35. Rbb7 Rxc5 36. Rxf7+ 1/2-1/2